Дърк Джентли. Холистична детективска агенция ; Дългият мрачен следобеден чай на душата (Запис номер 329749)
[ съкратено ]
| 000 -Лидер | |
|---|---|
| Контролно поле с фиксирана дължина | 01222nam a2200277 a 4500 |
| 003 - Код на организацията, давaща контролен номер | |
| Контролно поле | BLK |
| 005 - Дата и час на последна редакция | |
| Контролно поле | 20240102111401.0 |
| 008 - Елементи от данни с фиксирана дължина | |
| fixed length control field | 190401b bu ||||| |||| 00| 0 bu d |
| 020 ## - Международен стандартен номер на книга ISBN | |
| Международен стандартен номер на книга ISBN | 978-954-527-561-6 |
| 040 ## - Източник на каталожния запис | |
| Идентификатор на билиотеката - собственик на записа | BLK |
| 041 ## - Код за език | |
| Код за езика на текст/звукозапис или на отделно заглавие | Български |
| Код за езика КДБФ | Български |
| 080 ## - УДК | |
| Текстов определител УДК | Английска литература |
| УДК код - определител по УДК | 821.111 |
| УДК определител | -311.9 |
| УДК - код + определител | 821.111-311.9 |
| 100 ## - Редна дума - Автор | |
| R(LIN) | 314883 |
| Автор | Адамс, Дъглас Ноел |
| Авторска отговорност | първи автор |
| 139 ## - Редно поле | |
| Редна дума | Адамс, Дъглас |
| Авторски знак | Ад - А 28 |
| 245 ## - Сведения за заглавието | |
| Заглавие | Дърк Джентли. Холистична детективска агенция ; Дългият мрачен следобеден чай на душата |
| Редно поле (дума) | Дъглас Адамс ; прев. Светлана Комогорова - Комата |
| 257 ## - Страна на издаване | |
| Страна на създаване/издаване | Великобритания |
| 260 ## - Област на издателските данни | |
| 9 (RLIN) | 209515 |
| Място на издаване, разпространение и проч. | София |
| Име на издателя, разпространителя и проч. | Дамян Яков |
| Година на издаване | 2015 |
| 300 ## - Физическа характеристика | |
| Страници | 504 с. |
| Размери/Мащаб | 22 см |
| 380 ## - Жанр | |
| Жанр | Худож. лит. |
| 500 ## - Общи забележки | |
| Забележка | Ориг. загл.: Dirk Gently's holistic detective agency ;The long dark tea - time of the soul / Douglas Adams. - 1. изд. 2002 |
| 700 1# - Други автори (авторска отговорност) | |
| Лично име | Комогорова, Светлана Николаева |
| 9 (RLIN) | 81759 |
| 852 ## - Местоположение | |
| Форматна сигнатура | Цб 294193 |
| Фондова буква | Хранилище |
| 999 ## - СИСТЕМНИ КОНТРОЛНИ НОМЕРА | |
| Koha biblionumber | 329749 |
| Koha biblioitemnumber | 329749 |
| 942 ## - АРТИКУЛИ | |
| Вид на библиотечния материал | Книги |
| Скрит в OPAC | Не |
| Периодичен библиозапис | Да |
| Koha issues (borrowed), all copies | 8 |
| 944 ## - СЪЗДАВАНЕ И РЕДАКЦИЯ на ЗАПИСА | |
| Служител, извършил регистрацията/редакцията | 30535 |
| Статус, дата на статуса | Христина Везирева |
| 999 ## - СИСТЕМНИ КОНТРОЛНИ НОМЕРА | |
| Koha biblioitemnumber | 329749 |
| Код за отписване | Код за изгубен артикул | Източник на класификационната схема | Код за повреда | Коз за рестрикции | Код за отдаване | Артикулен № | Име на библиотеката - собственик | Име на библиотеката, в която се намира в момента | Статус (Текущо местоположение) | Дата на вписване в системата | Местоположение - отдел | Цена в лева | Систематично азбучна сигнатура | Баркод | Цена в евро | Служебен тип на артикула |
|---|---|---|---|---|---|---|---|---|---|---|---|---|---|---|---|---|
| Не е изгубен | Universal Decimal Classification | Не е повреден | без рестрикции | ползва се в читалня | 698479 | Регионална библиотека "Любен Каравелов" Русе | Регионална библиотека "Любен Каравелов" Русе | Хранилище | 2019-04-05 | Хранилище | 18.00 | Цб 294193 | 120000830742 | 9.20 | Книги | |
| Не е изгубен | Universal Decimal Classification | Не е повреден | без рестрикции | заемане за дома | 862004 | Регионална библиотека "Любен Каравелов" Русе | Регионална библиотека "Любен Каравелов" Русе | Заемна - подръчен фонд | 2021-11-16 | Заемна - подръчен фонд | 12.59 | 821-31/А 28 Д | 120000862611 | 6.44 | Книги | |
| Не е изгубен | Universal Decimal Classification | Не е повреден | без рестрикции | заемане за дома | 862005 | Регионална библиотека "Любен Каравелов" Русе | Регионална библиотека "Любен Каравелов" Русе | Заемна - подръчен фонд | 2021-11-16 | Заемна - подръчен фонд | 12.59 | 821-31/А 28 Д | 120000862612 | 6.44 | Книги |